00515nam a22002057a 450000500170000001000130001702000100003003500130004003700160005304000120006908200160008110000160009724500570011326000300017027000370020030000250023765000140026265000200027670000130029620170124110052.0 aB-047149 c50.00 aB-047149 bCen Lib/Ret aDPLbEN a657.45bVER aVerma, M.M. aPractical auditing /cby M.M. Verama [and] Agarwal  aDelhi bKing Books c2001 a1684, nai sarak bDelhi e110006 avii, 223p.c21cm(Hb) aAuditing  aBasic concepts  aAgarwal